Remote control : (Record no. 28385)
[ view plain ]
| 000 -LEADER | |
|---|---|
| fixed length control field | 01574cam a22003855i 4500 |
| 001 - CONTROL NUMBER | |
| control field | 77362IP |
| 003 - CONTROL NUMBER IDENTIFIER | |
| control field | EG-ScBUE |
| 005 - DATE AND TIME OF LATEST TRANSACTION | |
| control field | 20200322101414.0 |
| 008 - FIXED-LENGTH DATA ELEMENTS--GENERAL INFORMATION | |
| fixed length control field | 910102r20161989enk f b 101 0 eng d |
| 020 ## - INTERNATIONAL STANDARD BOOK NUMBER | |
| International Standard Book Number | 9781138985100 (pbk.) |
| 035 ## - SYSTEM CONTROL NUMBER | |
| System control number | AEK0254IP |
| 035 ## - SYSTEM CONTROL NUMBER | |
| System control number | (OCoLC)22862440 |
| 040 ## - CATALOGING SOURCE | |
| Original cataloging agency | DLC |
| Language of cataloging | eng |
| Description conventions | rda |
| Transcribing agency | DLC |
| Modifying agency | UKM |
| -- | EG-ScBUE |
| 082 04 - DEWEY DECIMAL CLASSIFICATION NUMBER | |
| Classification number | 302.2345 |
| Item number | REM |
| Edition number | 22 |
| 245 00 - TITLE STATEMENT | |
| Title | Remote control : |
| Remainder of title | television, audiences, and cultural power / |
| Statement of responsibility, etc | edited by Ellen Seiter [and three other]. |
| 264 #1 - PUBLICATION, DISTRIBUTION, ETC. (IMPRINT) | |
| Place of publication, distribution, etc | Oxon ; |
| -- | New York : |
| Name of publisher, distributor, etc | Routledge / Taylor & Francis Group, |
| Date of publication, distribution, etc | 2016. |
| 300 ## - PHYSICAL DESCRIPTION | |
| Extent | x, 262 pages ; |
| Dimensions | 24 cm |
| 336 ## - CONTENT TYPE | |
| Content type term | text |
| Content type code | txt |
| Source | rdacontent |
| 337 ## - MEDIA TYPE | |
| Media type term | unmediated |
| Media type code | n |
| Source | rdamedia |
| 338 ## - CARRIER TYPE | |
| Carrier type term | volume |
| Carrier type code | nc |
| Source | rdacarrier |
| 490 0# - SERIES STATEMENT | |
| Series statement | Routledge library editions. |
| -- | Television ; |
| Volume number/sequential designation | volume 13 |
| 500 ## - GENERAL NOTE | |
| General note | Papers presented at a symposium held at the University of Tübingen's Heinrich-Fabri-Institute, Blaubeuren, Feb. 17-20, 1987, organized by the University's Dept. of American Studies. |
| 500 ## - GENERAL NOTE | |
| General note | First published 1989 by Routledge. |
| 504 ## - BIBLIOGRAPHY, ETC. NOTE | |
| Bibliography, etc | Includes bibliographical references and index. |
| 650 #7 - SUBJECT ADDED ENTRY--TOPICAL TERM | |
| Topical term or geographic name as entry element | Television broadcasting |
| General subdivision | Social aspects |
| -- | Congresses. |
| Source of heading or term | BUEsh |
| 650 #7 - SUBJECT ADDED ENTRY--TOPICAL TERM | |
| Topical term or geographic name as entry element | Television viewers |
| General subdivision | Congresses. |
| Source of heading or term | BUEsh |
| 653 ## - INDEX TERM--UNCONTROLLED | |
| Resource For college | Communication and mass media |
| Arrived date list | March2020 |
| 655 ## - INDEX TERM--GENRE/FORM | |
| Form subdivision | Text book |
| 9 (RLIN) | 33728 |
| 700 10 - ADDED ENTRY--PERSONAL NAME | |
| Personal name | Seiter, Ellen, |
| Dates associated with a name | 1957- |
| Relator term | editor. |
| 700 10 - ADDED ENTRY--PERSONAL NAME | |
| Personal name | Borchers, Hans, |
| Relator term | editor. |
| 700 10 - ADDED ENTRY--PERSONAL NAME | |
| Personal name | Kreutzner, Gabriele, |
| Relator term | editor. |
| 700 10 - ADDED ENTRY--PERSONAL NAME | |
| Personal name | Warth, Eva-Maria, |
| Relator term | editor. |
| 710 20 - ADDED ENTRY--CORPORATE NAME | |
| Corporate name or jurisdiction name as entry element | Universität Tübingen. |
| Subordinate unit | Abteilung für Amerikanistik, |
| Relator term | editor. |
| 942 ## - ADDED ENTRY ELEMENTS (KOHA) | |
| Source of classification or shelving scheme | Dewey Decimal Classification |
| Koha item type | Book - Borrowing |
| Withdrawn status | Lost status | Source of classification or shelving scheme | Damaged status | Not for loan | Collection code | Home library | Current library | Shelving location | Date acquired | Source of acquisition | Total Checkouts | Full call number | Barcode | Date last seen | Price effective from | Koha item type |
|---|---|---|---|---|---|---|---|---|---|---|---|---|---|---|---|---|
| Dewey Decimal Classification | Baccah | Central Library | Central Library | First floor | 22/03/2020 | Purchase | 302.2345 REM | 000048954 | 15/07/2025 | 22/03/2020 | NB - Book (Non borrowing) | |||||
| Dewey Decimal Classification | Baccah | Central Library | Central Library | First floor | 22/03/2020 | Purchase | 302.2345 REM | 000048955 | 15/07/2025 | 22/03/2020 | NB - Book (Non borrowing) | |||||
| Dewey Decimal Classification | Baccah | Central Library | Central Library | First floor | 22/03/2020 | Purchase | 302.2345 REM | 000048956 | 15/07/2025 | 22/03/2020 | Book - Borrowing | |||||
| Dewey Decimal Classification | Baccah | Central Library | Central Library | First floor | 22/03/2020 | Purchase | 302.2345 REM | 000048957 | 15/07/2025 | 22/03/2020 | Book - Borrowing | |||||
| Dewey Decimal Classification | Baccah | Central Library | Central Library | First floor | 22/03/2020 | Purchase | 302.2345 REM | 000048958 | 15/07/2025 | 22/03/2020 | Book - Borrowing |